000 00670nam a2200253Ia 4500
003 OSt
005 20221007080453.0
006 a|||||r|||| 00| 0
007 ta
008 221006b |||||||| |||| 00| 0 eng d
020 _a9788131253823
024 _a43,162
037 _cTextual
040 _aFLL
_cFLL
_beng
041 _2eng
_aeng
082 _aU8:(Z).2, Q8
100 _aGARG Shashank
_9309031
245 0 _aTourism law in India
250 _a2nd
260 _aNew Delhi
_bUniversal law publishing co.pvt.ltd. India
_c2018
300 _axxviii,346p.
_ccm.
942 _hU8:(Z).2, Q8
_cTEXL
_2CC
999 _c1159746
_d1159746